[Event "BUL-chT-B (Women) 62nd"]
[Site "Sunny Beach"]
[Date "2012.09.21"]
[Round "3.3"]
[White "Petkova, Veneta"]
[Black "Stavila, Irina"]
[Result "0-1"]
[WhiteElo "1986"]
[BlackElo "1932"]
[PlyCount "116"]
[EventDate "2012.09.19"]
[EventType "team-tourn"]
[EventRounds "3"]
[EventCountry "BUL"]
[SourceTitle "CBM 150 Extra"]
[Source "ChessBase"]
[SourceDate "2012.10.19"]
[SourceVersion "1"]
[SourceVersionDate "2012.10.19"]
[SourceQuality "1"]
[WhiteTeam "Veliko Tarnovo Etar (W)"]
[BlackTeam "Pleven Spartak XXI (W)"]
[WhiteTeamCountry "BUL"]
[BlackTeamCountry "BUL"]

1. e4 c5 2. Nf3 d6 3. d4 cxd4 4. Nxd4 Nf6 5. Nc3 e6 6. Be2 Be7 7. 0-0 0-0 8. Kh1 a6 9. a4 Qc7 10. f4 Nc6 11. Nxc6 bxc6 12. Bd3 Rd8 13. Qf3 e5 14. a5 exf4 15. Bxf4 Be6 16. Be3 Re8 17. Bb6 Qb7 18. Rae1 Nd7 19. Na4 c5 20. Qh5 g6 21. Qh6 Qc6 22. b3 c4 23. Bxc4 Bxc4 24. bxc4 Qxc4 25. Nb2 Qe6 26. Bd4 Bf8 27. Qf4 Ne5 28. Nd3 Bg7 29. Qf2 Qc4 30. Nxe5 dxe5 31. Be3 Rac8 32. Bg5 Rc6 33. Be3 f6 34. Qd2 Rec8 35. h3 Bf8 36. Qd5+ Qxd5 37. exd5 Rd6 38. Rb1 Rxc2 39. Rb8 Kf7 40. Rb7+ Be7 41. Rc1 Rxc1+ 42. Bxc1 Ke8 43. Ba3 Rd7 44. Rb8+ Rd8 45. Rxd8+ Kxd8 46. d6 Bf8 47. g4 Kd7 48. Kg2 Bxd6 49. Bc1 Bb4 50. g5 f5 51. Bb2 Ke6 52. Kf3 Bxa5 53. Ke3 Kd5 54. Ba3 Bb6+ 55. Kd3 Bc5 56. Bb2 e4+ 57. Ke2 a5 58. h4 a4 0-1

[Event "BUL-chT (Women) 44th"]
[Site "Albena"]
[Date "2011.06.04"]
[Round "3.2"]
[White "Djingarova, Emilia"]
[Black "Petkova, Veneta"]
[Result "1-0"]
[WhiteElo "2348"]
[BlackElo "1985"]
[PlyCount "69"]
[EventDate "2011.06.02"]
[EventType "team-tourn"]
[EventRounds "7"]
[EventCountry "BUL"]
[SourceTitle "CBM 142 Extra"]
[Source "ChessBase"]
[SourceDate "2011.06.27"]
[SourceVersion "1"]
[SourceVersionDate "2011.06.27"]
[SourceQuality "1"]
[WhiteTeam "Sofia Shah XXI (W)"]
[BlackTeam "Pleven Spartak XXI (W)"]
[WhiteTeamCountry "BUL"]
[BlackTeamCountry "BUL"]

1. Nf3 Nf6 2. c4 c6 3. g3 d5 4. Bg2 e6 5. 0-0 Bd6 6. b3 0-0 7. Bb2 Nbd7 8. d4 Re8 9. Ne5 Bxe5 10. dxe5 Ng4 11. e4 Ngxe5 12. exd5 exd5 13. cxd5 cxd5 14. Qxd5 Qe7 15. Nd2 Nf6 16. Qd4 Nc6 17. Qf4 Nh5 18. Qf3 Qe2 19. Qc3 Nf6 20. Ne4 Rxe4 21. Rae1 Qxe1 22. Rxe1 Rxe1+ 23. Qxe1 Be6 24. h3 Re8 25. Qc3 Rd8 26. Kh2 Bd5 27. b4 Bxg2 28. Kxg2 a6 29. a4 Rc8 30. Qc5 Nd7 31. Qg5 g6 32. b5 axb5 33. axb5 Nd8 34. Qe7 Nb6 35. Qe8# 1-0

[Event "BUL-chT (Women) 44th"]
[Site "Albena"]
[Date "2011.06.03"]
[Round "2.3"]
[White "Petkova, Veneta"]
[Black "Gocheva, Rumiana B"]
[Result "1/2-1/2"]
[WhiteElo "1985"]
[BlackElo "2141"]
[PlyCount "90"]
[EventDate "2011.06.02"]
[EventType "team-tourn"]
[EventRounds "7"]
[EventCountry "BUL"]
[SourceTitle "CBM 142 Extra"]
[Source "ChessBase"]
[SourceDate "2011.06.27"]
[SourceVersion "1"]
[SourceVersionDate "2011.06.27"]
[SourceQuality "1"]
[WhiteTeam "Pleven Spartak XXI (W)"]
[BlackTeam "Sofia CSKA (W)"]
[WhiteTeamCountry "BUL"]
[BlackTeamCountry "BUL"]

1. e4 c5 2. Nf3 Nc6 3. d4 cxd4 4. Nxd4 Nf6 5. Nc3 d6 6. Nd5 Nxd5 7. exd5 Qa5+ 8. Bd2 Qxd5 9. Nb5 Qe6+ 10. Be2 Qd7 11. c4 a6 12. Nc3 Rb8 13. Be3 e6 14. Na4 Be7 15. Nb6 Qd8 16. 0-0 0-0 17. Qd2 Ne5 18. Rad1 Nd7 19. Qa5 Qc7 20. b4 Bd8 21. Nxd7 Bxd7 22. Qxc7 Bxc7 23. Bf4 Ba4 24. Rd2 e5 25. Be3 Bc6 26. b5 axb5 27. cxb5 Bd7 28. b6 Bd8 29. Rxd6 Be6 30. a4 Be7 31. Rd2 f5 32. f4 e4 33. Rc2 Rfc8 34. Rfc1 Rxc2 35. Rxc2 Bd6 36. a5 Kf7 37. g3 Rc8 38. Rxc8 Bxc8 39. Bc4+ Be6 40. Bb5 Bd5 41. a6 bxa6 42. Bxa6 Ke7 43. Bd4 Kd7 44. Bxg7 Bc5+ 45. Kf1 Bxb6 1/2-1/2

[Event "BUL-chT (Women) 44th"]
[Site "Albena"]
[Date "2011.06.02"]
[Round "1.3"]
[White "Georgieva, Emilia"]
[Black "Petkova, Veneta"]
[Result "0-1"]
[WhiteElo "1966"]
[BlackElo "1985"]
[PlyCount "240"]
[EventDate "2011.06.02"]
[EventType "team-tourn"]
[EventRounds "7"]
[EventCountry "BUL"]
[SourceTitle "CBM 142 Extra"]
[Source "ChessBase"]
[SourceDate "2011.06.27"]
[SourceVersion "1"]
[SourceVersionDate "2011.06.27"]
[SourceQuality "1"]
[WhiteTeam "Sofia Lokomotiv (W)"]
[BlackTeam "Pleven Spartak XXI (W)"]
[WhiteTeamCountry "BUL"]
[BlackTeamCountry "BUL"]

1. d4 Nf6 2. Nf3 g6 3. c3 Bg7 4. Bf4 0-0 5. e3 d6 6. h3 Nfd7 7. Nbd2 e5 8. Bg3 Qe8 9. Be2 e4 10. Nh2 f5 11. Qb3+ Kh8 12. Bf4 h6 13. h4 Nf6 14. Nhf1 a5 15. a4 Nc6 16. Ng3 Rb8 17. h5 g5 18. Bxg5 hxg5 19. h6 Bxh6 20. Rxh6+ Kg7 21. Rh1 Be6 22. Qb5 Qd7 23. Nh5+ Nxh5 24. Rxh5 Qe7 25. 0-0-0 Bf7 26. Rhh1 Bg6 27. Bh5 Qe8 28. Bxg6 Kxg6 29. Rh2 Rh8 30. Rdh1 Rxh2 31. Rxh2 b6 32. Qf1 Nd8 33. Qh1 Nf7 34. Rh7 Qg8 35. Qh5+ Kf6 36. g4 Qg6 37. Qh1 d5 38. gxf5 Qxf5 39. Qh2 Rg8 40. Rh5 Qd7 41. b3 Qd6 42. Qh1 Kg6 43. Kb2 Qf6 44. Rh7 Qe6 45. c4 c6 46. Qh5+ Kf6 47. Qh2 Kg6 48. Kc3 c5 49. cxd5 cxd4+ 50. exd4 Qxd5 51. Qh5+ Kf6 52. Nxe4+ Ke7 53. Nd2 Rd8 54. Qg4 Qc6+ 55. Nc4 Qg6 56. Rh3 Qb1 57. Qe2+ Kf8 58. Nxb6 Qa1+ 59. Qb2 Qe1+ 60. Qd2 Qa1+ 61. Qb2 Qe1+ 62. Qd2 Qe6 63. Rd3 Qxb6 64. Kb2 Rd5 65. Qc3 Qd8 66. Rd2 Nd6 67. Qf3+ Rf5 68. Qe3 Qf6 69. Ka2 Qd8 70. Qh3 Qf6 71. Qe3 Rf3 72. Qe2 Qf7 73. d5 g4 74. Qa6 Qc7 75. Qa8+ Kg7 76. Qc6 Rc3 77. Qxc7+ Rxc7 78. Rd4 Rc2+ 79. Ka3 Rxf2 80. Rxg4+ Kf6 81. Rd4 Ke5 82. Rd1 Rf3 83. Kb2 Rf4 84. Kc3 Rb4 85. Rh1 Ne4+ 86. Kc2 Nc5 87. Rh5+ Kd6 88. Rh8 Kxd5 89. Ra8 Nxb3 90. Kc3 Rb6 91. Ra7 Kc6 92. Rg7 Nc5 93. Rg6+ Kb7 94. Rg4 Rb3+ 95. Kc2 Rb4 96. Rg7+ Kc6 97. Rg6+ Kd5 98. Rg5+ Kd4 99. Rg4+ Ne4 100. Rg8 Rxa4 101. Kb3 Nc5+ 102. Kb2 Rb4+ 103. Ka2 Kc3 104. Rg3+ Nd3 105. Ka3 Rb1 106. Ka2 Rd1 107. Rh3 a4 108. Rg3 Kb4 109. Rg4+ Kb5 110. Rg5+ Nc5 111. Rg4 Rc1 112. Rh4 Rc4 113. Rh3 Kb4 114. Rh2 a3 115. Rg2 Na4 116. Rg1 Nc3+ 117. Ka1 Kb3 118. Rg4 Ne4 119. Rg1 Rc2 120. Re1 Nc3 0-1

[Event "Nikaia op 18th"]
[Site "Nikaia"]
[Date "2010.08.25"]
[Round "7"]
[White "Ignatiadis, Konstantinos"]
[Black "Petkova, Veneta"]
[Result "1/2-1/2"]
[WhiteElo "2206"]
[BlackElo "1964"]
[PlyCount "44"]
[EventDate "2010.08.20"]
[EventType "swiss"]
[EventRounds "9"]
[EventCountry "GRE"]
[SourceTitle "CBM 138 Extra"]
[Source "ChessBase"]
[SourceDate "2010.10.29"]
[SourceVersion "1"]
[SourceVersionDate "2010.10.29"]
[SourceQuality "1"]

1. d4 Nf6 2. c4 e6 3. Nc3 d5 4. Bg5 c6 5. e3 Nbd7 6. cxd5 exd5 7. Bd3 Be7 8. Nge2 0-0 9. Qc2 Re8 10. 0-0 Ne4 11. Bxe7 Qxe7 12. Bxe4 dxe4 13. Rab1 Qh4 14. Ng3 Nf6 15. Qe2 Ng4 16. h3 Nf6 17. Rfc1 g5 18. Qe1 Kh8 19. d5 g4 20. hxg4 Bxg4 21. dxc6 bxc6 22. Nce2 Rg8 1/2-1/2

[Event "BUL-chT-A (Women) 43th"]
[Site "Albena"]
[Date "2010.05.29"]
[Round "3.2"]
[White "Petkova, Veneta"]
[Black "Zaiatz, Elena"]
[Result "1/2-1/2"]
[WhiteElo "1942"]
[BlackElo "2392"]
[PlyCount "62"]
[EventDate "2010.05.27"]
[EventType "team-tourn"]
[EventRounds "7"]
[EventCountry "BUL"]
[SourceTitle "CBM 136 Extra"]
[Source "ChessBase"]
[SourceDate "2010.07.02"]
[SourceVersion "2"]
[SourceVersionDate "2010.07.15"]
[SourceQuality "1"]
[WhiteTeam "Krakra Pernishki (W)"]
[BlackTeam "Sofia CSKA (W)"]
[WhiteTeamCountry "BUL"]
[BlackTeamCountry "BUL"]

1. e4 e5 2. Nf3 Nc6 3. c3 Nf6 4. d4 exd4 5. e5 Ne4 6. Qe2 f5 7. exf6 d5 8. Nbd2 Qxf6 9. Nxe4 dxe4 10. Qxe4+ Qe6 11. Bd3 dxc3 12. 0-0 Qxe4 13. Bxe4 Bb4 14. a3 Bd6 15. Bxc6+ bxc6 16. Re1+ Kf8 17. bxc3 Rb8 18. Ne5 Rb3 19. c4 c5 20. Bg5 Bf5 21. g4 Bxe5 22. Rxe5 Bxg4 23. Rxc5 Kf7 24. Rxc7+ Kg6 25. Be3 Bh3 26. Bxa7 Re8 27. Bd4 Re4 28. Rxg7+ Kh6 29. Bf6 Re6 30. Bd4 Re4 31. Bf6 Re6 1/2-1/2

[Event "BUL-ch (Women)"]
[Site "Dupnitsa"]
[Date "2009.02.22"]
[Round "11"]
[White "Nikolova, Adriana"]
[Black "Petkova, Veneta"]
[Result "1-0"]
[WhiteElo "2310"]
[BlackElo "1964"]
[PlyCount "53"]
[EventDate "2009.02.12"]
[EventType "tourn"]
[EventRounds "11"]
[EventCountry "BUL"]
[EventCategory "2"]
[SourceTitle "CBM 128 Extra"]
[Source "ChessBase"]
[SourceDate "2009.03.05"]
[SourceVersion "2"]
[SourceVersionDate "2009.03.25"]
[SourceQuality "1"]

1. e4 e6 2. d4 d5 3. Nd2 Nf6 4. e5 Nfd7 5. f4 c5 6. c3 Nc6 7. Ndf3 Qb6 8. a3 a5 9. b3 cxd4 10. cxd4 Be7 11. Bb2 f6 12. Bd3 0-0 13. Ne2 g6 14. h4 f5 15. h5 Kg7 16. Rc1 Ndb8 17. Kf2 Bd7 18. Bc2 Na6 19. Qg1 Rh8 20. g4 Nc5 21. gxf5 exf5 22. hxg6 hxg6 23. e6 Rxh1 24. dxc5+ Kg8 25. Qxh1 Bxc5+ 26. Kg2 Bxe6 27. Qh8+ 1-0

[Event "BUL-ch (Women)"]
[Site "Dupnitsa"]
[Date "2009.02.21"]
[Round "10"]
[White "Petkova, Veneta"]
[Black "Genova, Liubka"]
[Result "0-1"]
[WhiteElo "1964"]
[BlackElo "2231"]
[PlyCount "92"]
[EventDate "2009.02.12"]
[EventType "tourn"]
[EventRounds "11"]
[EventCountry "BUL"]
[EventCategory "2"]
[SourceTitle "CBM 128 Extra"]
[Source "ChessBase"]
[SourceDate "2009.03.05"]
[SourceVersion "2"]
[SourceVersionDate "2009.03.25"]
[SourceQuality "1"]

1. e4 c5 2. Nf3 e6 3. d4 cxd4 4. Nxd4 Nc6 5. Nb5 d6 6. c4 Nf6 7. N1c3 a6 8. Na3 b6 9. Be2 Bb7 10. 0-0 Nb8 11. f3 Nbd7 12. Be3 Be7 13. Nc2 0-0 14. Rc1 Rc8 15. b3 Qc7 16. Qd2 Rfe8 17. Nd4 Qb8 18. Rfd1 Bd8 19. Bd3 Bc7 20. h3 Qa8 21. Bb1 Ne5 22. Qf2 Qb8 23. Nde2 Ba8 24. g4 b5 25. g5 Nfd7 26. f4 Ng6 27. cxb5 axb5 28. h4 b4 29. Na4 Qb7 30. h5 Ngf8 31. Ng3 Bb8 32. f5 Rxc1 33. Rxc1 Ne5 34. Bb6 exf5 35. Nxf5 d5 36. h6 g6 37. Ng7 Re7 38. Bc5 dxe4 39. Qg2 Nf3+ 40. Kh1 Rc7 41. Rd1 Rd7 42. Rxd7 Qxd7 43. Bc2 Ne1 44. Nb6 Nxg2 45. Nxd7 Nxd7 46. Bxb4 e3 0-1

[Event "BUL-ch (Women)"]
[Site "Dupnitsa"]
[Date "2009.02.17"]
[Round "5"]
[White "Bednikova, Stefka"]
[Black "Petkova, Veneta"]
[Result "1-0"]
[WhiteElo "2087"]
[BlackElo "1964"]
[PlyCount "65"]
[EventDate "2009.02.12"]
[EventType "tourn"]
[EventRounds "11"]
[EventCountry "BUL"]
[EventCategory "2"]
[SourceTitle "CBM 128 Extra"]
[Source "ChessBase"]
[SourceDate "2009.03.05"]
[SourceVersion "2"]
[SourceVersionDate "2009.03.25"]
[SourceQuality "1"]

1. e4 e6 2. d4 d5 3. Nd2 Nf6 4. Bd3 c5 5. e5 Nfd7 6. c3 Nc6 7. Ne2 cxd4 8. cxd4 f6 9. exf6 Nxf6 10. Nf3 Bd6 11. 0-0 Qc7 12. a3 0-0 13. b4 a6 14. Bb2 Nh5 15. Ng3 Nf4 16. Bc2 g6 17. Rc1 Qg7 18. Re1 Bd7 19. Ne5 Bxe5 20. dxe5 Qf7 21. Qd2 h5 22. Re3 Ne7 23. Rf3 Bb5 24. Bd1 g5 25. Rc7 Rae8 26. Nxh5 Qxh5 27. Rxf4 Qh6 28. Rg4 Ng6 29. Qxg5 Qxg5 30. Rxg5 Bd3 31. h4 Rf7 32. Rc3 Bf5 33. h5 1-0

[Event "BUL-ch (Women)"]
[Site "Dupnitsa"]
[Date "2009.02.17"]
[Round "6"]
[White "Petkova, Veneta"]
[Black "Voiska, Margarita"]
[Result "0-1"]
[WhiteElo "1964"]
[BlackElo "2339"]
[PlyCount "79"]
[EventDate "2009.02.12"]
[EventType "tourn"]
[EventRounds "11"]
[EventCountry "BUL"]
[EventCategory "2"]
[SourceTitle "CBM 128 Extra"]
[Source "ChessBase"]
[SourceDate "2009.03.05"]
[SourceVersion "2"]
[SourceVersionDate "2009.03.25"]
[SourceQuality "1"]

1. e4 c5 2. Nf3 Nc6 3. d4 cxd4 4. Nxd4 e5 5. Nb5 d6 6. c4 Be7 7. N1c3 a6 8. Na3 Be6 9. Be2 Bg5 10. 0-0 Bxc1 11. Rxc1 Nf6 12. Nc2 0-0 13. b3 Rc8 14. Kh1 Qa5 15. Ne3 Nd4 16. f4 b5 17. f5 b4 18. Na4 Bd7 19. Bd3 Qc7 20. Nb2 Bc6 21. Nd5 Qd8 22. Bb1 Bxd5 23. cxd5 Nb5 24. Nc4 Nc3 25. Qe1 Qc7 26. Qe3 a5 27. Rfe1 Nd7 28. Rf1 f6 29. h4 a4 30. h5 Nc5 31. Nd2 axb3 32. axb3 Ra8 33. Bd3 Ra2 34. Bc4 Qa7 35. Rf3 Qa3 36. Nb1 Qb2 37. Rg3 N5xe4 38. Rg6 hxg6 39. Rg1 Nf2+ 40. Kh2 0-1

[Event "BUL-ch sf  (Women)"]
[Site "Plovdiv"]
[Date "2009.01.27"]
[Round "3"]
[White "Petkova, Veneta"]
[Black "Galunova, Tsveta"]
[Result "1-0"]
[WhiteElo "1964"]
[BlackElo "1891"]
[PlyCount "109"]
[EventDate "2009.01.25"]
[EventType "swiss"]
[EventRounds "7"]
[EventCountry "BUL"]
[SourceTitle "CBM 128 Extra"]
[Source "ChessBase"]
[SourceDate "2009.03.05"]
[SourceVersion "2"]
[SourceVersionDate "2009.03.25"]
[SourceQuality "1"]

1. e4 e5 2. Nf3 Nc6 3. Bb5 a6 4. Ba4 Nf6 5. 0-0 b5 6. Bb3 Bc5 7. c3 d6 8. d4 Bb6 9. h3 0-0 10. Re1 h6 11. d5 Ne7 12. a4 Bd7 13. a5 Ba7 14. Nbd2 Ng6 15. Nf1 Re8 16. Ng3 Nf4 17. Bc2 g5 18. Nh2 Kh7 19. Ng4 Rg8 20. Be3 Rg6 21. Bxa7 Rxa7 22. Ne3 g4 23. h4 N6h5 24. Nxh5 Nxh5 25. g3 Qf6 26. Ng2 Ra8 27. b4 Rc8 28. Qe2 c5 29. Bd3 Rgg8 30. Rac1 Rc7 31. c4 Rb8 32. cxb5 Bxb5 33. bxc5 Rxc5 34. Rxc5 dxc5 35. Rb1 Qf3 36. Qxf3 gxf3 37. Ne1 Bxd3 38. Rxb8 Bxe4 39. d6 Nf6 40. Rc8 Nd7 41. Rc7 Bf5 42. Nxf3 Kg7 43. Rxd7 Bxd7 44. Nxe5 c4 45. Nxd7 c3 46. Nc5 Kf8 47. Kf1 c2 48. Nb3 Ke8 49. Ke2 Kd7 50. Kd2 Kxd6 51. Kxc2 Kc6 52. Kc3 Kb5 53. g4 f6 54. f4 Kc6 55. g5 1-0

[Event "BUL-chT (Women) 41th"]
[Site "Borovetz"]
[Date "2008.10.05"]
[Round "5"]
[White "Ilieva, Hristina"]
[Black "Petkova, Veneta"]
[Result "0-1"]
[WhiteElo "2147"]
[BlackElo "1939"]
[PlyCount "114"]
[EventDate "2008.10.01"]
[EventType "team-tourn"]
[EventRounds "7"]
[EventCountry "BUL"]
[SourceTitle "CBM 126 Extra"]
[Source "ChessBase"]
[SourceDate "2008.11.05"]
[SourceVersion "1"]
[SourceVersionDate "2008.11.05"]
[SourceQuality "1"]
[WhiteTeam "Sofia Shah XXI (W)"]
[BlackTeam "Varna Georgi Daskalov (W)"]
[WhiteTeamCountry "BUL"]
[BlackTeamCountry "BUL"]

1. d4 e6 2. c4 b6 3. Nf3 Bb7 4. e3 Bb4+ 5. Bd2 Bxd2+ 6. Qxd2 f5 7. Nc3 Nf6 8. d5 0-0 9. Bd3 Na6 10. 0-0 Nc5 11. Rfd1 a5 12. Qc2 g6 13. Rd2 Qe7 14. Re1 e5 15. e4 f4 16. b3 h6 17. a3 Nh7 18. d6 cxd6 19. Nd5 Bxd5 20. exd5 Nxd3 21. Rxd3 Ng5 22. Nxg5 Qxg5 23. f3 Rfc8 24. Qf2 Rab8 25. Rc3 Qd8 26. Qc2 Kg7 27. Re4 Qc7 28. Qb2 b5 29. c5 dxc5 30. Rxf4 d6 31. Re4 Qb6 32. f4 b4 33. Rf3 c4+ 34. Kh1 c3 35. Qc2 Re8 36. fxe5 Rxe5 37. Rxe5 dxe5 38. Qe4 Qd6 39. h4 Rf8 40. Rxf8 Kxf8 41. axb4 axb4 42. Qc4 Kg7 43. g3 Kf6 44. Kg2 Ke7 45. Kf3 Qb6 46. Ke2 Kd6 47. Qe4 Qb5+ 48. Ke1 Qxd5 49. Qxb4+ Qc5 50. Qb8+ Kd5 51. Qa8+ Kd4 52. Qf3 e4 53. Qf6+ Kd3 54. Qf1+ Kc2 55. Qe2+ Kxb3 56. Qxe4 c2 57. Qe6+ Kb2 0-1

[Event "BUL-ch sf (Women) 57th"]
[Site "Plovdiv"]
[Date "2008.02.15"]
[Round "3"]
[White "Petkova, Veneta"]
[Black "Videnova, Iva"]
[Result "0-1"]
[WhiteElo "2063"]
[BlackElo "2191"]
[PlyCount "98"]
[EventDate "2008.02.13"]
[EventType "swiss"]
[EventRounds "7"]
[EventCountry "BUL"]
[SourceTitle "EXT 2010"]
[Source "ChessBase"]
[SourceDate "2010.11.25"]
[SourceVersion "1"]
[SourceVersionDate "2010.11.25"]
[SourceQuality "1"]

1. e4 c5 2. Nf3 Nc6 3. d4 cxd4 4. Nxd4 Nf6 5. Nc3 e5 6. Nb3 Bb4 7. Bd3 d5 8. exd5 Nxd5 9. Bd2 Nxc3 10. Bxc3 Bxc3+ 11. bxc3 0-0 12. Qh5 g6 13. Qh6 e4 14. Be2 f5 15. h4 f4 16. h5 g5 17. Rd1 Qf6 18. Bc4+ Kh8 19. Qxf6+ Rxf6 20. Nd4 Bd7 21. Bd5 Re8 22. 0-0 Bg4 23. Rde1 Bxh5 24. Rxe4 Rxe4 25. Bxe4 Bg6 26. Re1 Nxd4 27. cxd4 Re6 28. f3 Kg7 29. Kf2 Bxe4 30. fxe4 Ra6 31. Rb1 b6 32. Rb2 Ra3 33. e5 g4 34. Rb3 Rxa2 35. Rc3 Ra4 36. Rc7+ Kg6 37. d5 Rd4 38. d6 Kf5 39. Re7 a5 40. d7 a4 41. e6 a3 42. Re8 a2 43. Ra8 Kxe6 44. Rxa2 Rxd7 45. Ke2 Kf5 46. Ra8 Kg5 47. Rb8 Rd6 48. Rh8 h6 49. Re8 Kh4 0-1

[Event "BUL-ch sf (Women) 57th"]
[Site "Plovdiv"]
[Date "2008.02.13"]
[Round "1"]
[White "Koen, Maja"]
[Black "Petkova, Veneta"]
[Result "0-1"]
[WhiteElo "2162"]
[BlackElo "2063"]
[PlyCount "68"]
[EventDate "2008.02.13"]
[EventType "swiss"]
[EventRounds "7"]
[EventCountry "BUL"]
[SourceTitle "EXT 2010"]
[Source "ChessBase"]
[SourceDate "2010.11.25"]
[SourceVersion "1"]
[SourceVersionDate "2010.11.25"]
[SourceQuality "1"]

1. d4 d5 2. Nf3 Nf6 3. g3 e6 4. Bg2 c5 5. 0-0 Nc6 6. b3 Be7 7. Bb2 0-0 8. Nbd2 b6 9. c4 Bb7 10. Rc1 Ne4 11. cxd5 exd5 12. Nxe4 dxe4 13. Nd2 f5 14. e3 Nb4 15. dxc5 Bxc5 16. g4 Nd3 17. Ba1 Qh4 18. Rxc5 Nxc5 19. b4 Nd3 20. Qb3+ Kh8 21. h3 Rac8 22. Nc4 Bd5 23. Qc3 Qe7 24. Qd4 Bxc4 25. gxf5 Rfd8 26. f6 Rxd4 27. fxe7 Rd7 28. Bxe4 Rxe7 29. f3 Nxb4 30. Rd1 Be6 31. a3 Nc2 32. Bb2 Nxe3 33. Rd3 Nc4 34. Bc3 Rd7 0-1

[Event "BUL-ch U26"]
[Site "Sofia"]
[Date "2007.11.09"]
[Round "3.13"]
[White "Krastev, Krasimir"]
[Black "Petkova, Veneta"]
[Result "0-1"]
[WhiteElo "1825"]
[BlackElo "1947"]
[PlyCount "74"]
[EventDate "2007.11.07"]
[EventType "swiss"]
[EventRounds "7"]
[EventCountry "BUL"]
[SourceTitle "CBM 121 Extra"]
[Source "ChessBase"]
[SourceDate "2008.01.10"]
[SourceVersion "1"]
[SourceVersionDate "2008.01.10"]
[SourceQuality "1"]

1. e4 e6 2. d4 d5 3. exd5 exd5 4. Bf4 Bd6 5. Qd2 Bxf4 6. Qxf4 Nf6 7. Nf3 0-0 8. Bd3 Re8+ 9. Ne5 Nbd7 10. 0-0 c5 11. c3 Nxe5 12. dxe5 Nd7 13. Re1 Nf8 14. Qg3 Qb6 15. Nd2 Qxb2 16. Nf3 Qxc3 17. Ng5 Qa5 18. f4 c4 19. Bc2 h6 20. Nf3 Qc5+ 21. Kh1 d4 22. f5 d3 23. f6 Ne6 24. Nh4 Kh8 25. Nf5 Rg8 26. Qh4 Qf8 27. fxg7+ Rxg7 28. Qxh6+ Rh7 29. Qf6+ Ng7 30. Ne7 Be6 31. Rf1 dxc2 32. Rf4 Qd8 33. Raf1 Qd1 34. Nf5 Bxf5 35. Rxf5 c1Q 36. Qxf7 Nxf5 37. Qf6+ Rg7 0-1

[Event "Kesarovski Georgiev Memorial 6th"]
[Site "Sunny Beach"]
[Date "2007.09.15"]
[Round "6"]
[White "Petkova, Veneta"]
[Black "Yaglichev, Ivo"]
[Result "1-0"]
[WhiteElo "1966"]
[BlackElo "1908"]
[PlyCount "47"]
[EventDate "2007.09.10"]
[EventType "swiss"]
[EventRounds "9"]
[EventCountry "BUL"]
[SourceTitle "CBM 120 Extra"]
[Source "ChessBase"]
[SourceDate "2007.11.01"]
[SourceVersion "1"]
[SourceVersionDate "2007.11.01"]
[SourceQuality "1"]

1. e4 Nf6 2. e5 Nd5 3. c4 Nb6 4. c5 Nd5 5. Bc4 c6 6. Nc3 d6 7. cxd6 Nxc3 8. dxc3 exd6 9. Nf3 d5 10. Bd3 Bg4 11. Bf4 Be7 12. h3 Bxf3 13. Qxf3 Bg5 14. 0-0 Bxf4 15. Qxf4 0-0 16. Rae1 Nd7 17. Kh1 Nc5 18. Bb1 Ne6 19. Qg4 Re8 20. f4 Qc7 21. f5 Nf8 22. f6 g6 23. Qg5 Ne6 24. Qh6 1-0

[Event "Kesarovski Georgiev Memorial 6th"]
[Site "Sunny Beach"]
[Date "2007.09.10"]
[Round "1"]
[White "Milchev, Nikolay"]
[Black "Petkova, Veneta"]
[Result "1-0"]
[WhiteElo "2315"]
[BlackElo "1966"]
[PlyCount "47"]
[EventDate "2007.09.10"]
[EventType "swiss"]
[EventRounds "9"]
[EventCountry "BUL"]
[SourceTitle "CBM 120 Extra"]
[Source "ChessBase"]
[SourceDate "2007.11.01"]
[SourceVersion "1"]
[SourceVersionDate "2007.11.01"]
[SourceQuality "1"]

1. Nf3 d5 2. c4 e6 3. g3 Nf6 4. Bg2 c6 5. Qc2 Be7 6. 0-0 0-0 7. d4 Nbd7 8. Nc3 b6 9. e4 dxe4 10. Ng5 Bb7 11. Rd1 Qc8 12. Ngxe4 Nxe4 13. Nxe4 h6 14. Bf4 Nf6 15. Nd6 Bxd6 16. Bxd6 Re8 17. Be5 Nd7 18. Qe4 f6 19. Bd6 e5 20. d5 c5 21. Bh3 Qd8 22. Qg6 Nf8 23. Bxf8 Kxf8 24. Be6 1-0

[Event "BUL-ch (Women) op"]
[Site "Vratsa"]
[Date "2007.07.30"]
[Round "7"]
[White "Sirkova, Darena"]
[Black "Petkova, Veneta"]
[Result "0-1"]
[WhiteElo "1732"]
[BlackElo "1966"]
[PlyCount "78"]
[EventDate "2007.07.25"]
[EventType "swiss"]
[EventRounds "9"]
[EventCountry "BUL"]
[SourceTitle "CBM 119 Extra"]
[Source "ChessBase"]
[SourceDate "2007.09.04"]
[SourceVersion "1"]
[SourceVersionDate "2007.09.04"]
[SourceQuality "1"]

1. e4 e6 2. d4 d5 3. Nc3 Nf6 4. Bg5 Be7 5. e5 Nfd7 6. Bxe7 Qxe7 7. Qd2 a6 8. Nd1 c5 9. c3 Nc6 10. f4 cxd4 11. cxd4 Qb4 12. Qxb4 Nxb4 13. Ne3 Nb6 14. b3 Bd7 15. a3 Nc6 16. Nf3 Rc8 17. Kd2 Na5 18. Rb1 0-0 19. Bd3 Rc7 20. f5 Rfc8 21. fxe6 fxe6 22. Rhf1 h6 23. Nh4 Bb5 24. Bxb5 axb5 25. Rf3 Rc3 26. b4 Nb3+ 27. Kd1 Nxd4 28. Rg3 Rd3+ 29. Ke1 Rxe3+ 30. Rxe3 Nc2+ 31. Kd2 Nxe3 32. Kxe3 Rc3+ 33. Kf2 Rxa3 34. Nf3 Nc4 35. Nd4 Ra2+ 36. Kg1 Kf7 37. Nxb5 Ke7 38. Rc1 Rb2 39. Nd6 Rxb4 0-1

[Event "BUL-ch U20 Girls"]
[Site "Ruse"]
[Date "2007.??.??"]
[Round "5"]
[White "Petkova, Veneta"]
[Black "Nikolova, Adriana"]
[Result "0-1"]
[WhiteElo "1952"]
[BlackElo "2204"]
[PlyCount "108"]
[EventDate "2007.04.02"]
[EventType "swiss"]
[EventRounds "7"]
[EventCountry "BUL"]
[SourceTitle "CBM 117 Extra"]
[Source "ChessBase"]
[SourceDate "2007.05.09"]
[SourceVersion "1"]
[SourceVersionDate "2007.05.09"]
[SourceQuality "1"]

1. e4 c5 2. Nf3 d6 3. d4 cxd4 4. Nxd4 Nf6 5. Nc3 a6 6. Be2 e5 7. Nb3 Be7 8. 0-0 0-0 9. f4 b5 10. a3 Be6 11. f5 Bc4 12. Bxc4 bxc4 13. Nd2 Qc7 14. Nf3 Nbd7 15. Qe1 Rfe8 16. Kh1 Bf8 17. Rg1 Qb7 18. Nd2 Rac8 19. g4 d5 20. g5 Nxe4 21. Ncxe4 dxe4 22. Qxe4 Qc7 23. Nf3 Nc5 24. Qg4 e4 25. Nd4 e3 26. Rg3 Re4 27. Qh5 g6 28. Qd1 Qf4 29. Ne2 Qxf5 30. Bxe3 Rce8 31. Bxc5 Bxc5 32. Ng1 Re1 33. Qxe1 Rxe1 34. Rxe1 Qxc2 35. Rg2 Qb3 36. Re8+ Kg7 37. Rge2 Qd1 38. Re1 Qd5+ 39. R8e4 Qxg5 40. Nf3 Qd5 41. Kg2 Qb7 42. R1e2 Qb3 43. Nd2 Qxb2 44. Nxc4 Qb3 45. a4 f5 46. Rb2 Qxa4 47. Rb7+ Kf6 48. Rf7+ Kg5 49. h4+ Kh6 50. Rf4 Be3 51. Rf3 Qxc4 52. Rd7 Qe4 53. Kg3 f4+ 54. Rxf4 Bxf4+ 0-1